| 000 | 01565cam a2200421 a 4500 | ||
|---|---|---|---|
| 001 | 3256 | ||
| 003 | FISKH | ||
| 005 | 20240222103243.0 | ||
| 008 | 030203s2004 nyuab b 000 0 eng | ||
| 010 | _a 2003002179 | ||
| 020 | _a0375923799 (lib. bdg.) | ||
| 020 | _a0375823794 (trade) | ||
| 020 | _a9780545571739 | ||
| 040 |
_aDLC _cDLC _dDLC _beng |
||
| 042 | _alcac | ||
| 043 | _an-us--- | ||
| 050 | 0 | 0 |
_aE208 _b.O83 2004 |
| 082 | 0 | 0 |
_a973.3 _221 |
| 100 | 1 | _aOsborne, Mary Pope. | |
| 245 | 1 | 0 |
_aAmerican revolution : _ba nonfiction companion to Revolutionary War on Wednesday / _cby Mary Pope Osborne and Natalie Pope Boyce ; illustrated by Sal Murdocca. |
| 250 | _aThis edition first printing, January 2013 | ||
| 260 |
_aNew York : _bScholastic, _c2004. |
||
| 300 |
_a121 pages : _billustrations, maps ; _c20 cm. |
||
| 440 | 0 | _aMagic tree house research guide | |
| 500 | _a"A stepping stone book." | ||
| 505 | _aO | ||
| 520 | _aPresents a picture of life in colonial America and reviews the causes and major events of the American Revolution. | ||
| 521 | 8 |
_a600
_bLexile |
|
| 521 | 8 |
_aO
_bRaz-Plus |
|
| 651 | 0 |
_aUnited States _xHistory _yRevolution, 1775-1783 _vJuvenile literature. |
|
| 651 | 1 |
_aUnited States _xHistory _yRevolution, 1775-1783. |
|
| 651 | 1 |
_aUnited States _xHistory _yColonial period, ca. 1600-1775. |
|
| 651 | 1 |
_aUnited States _xSocial conditions _yTo 1865. |
|
| 700 | 1 | _aBoyce, Natalie Pope. | |
| 700 | 1 |
_aMurdocca, Sal, _eillustrator |
|
| 906 |
_a7 _bcbc _corignew _d1 _eecip _f20 _gy-gencatlg |
||
| 942 |
_2ddc _cBK _n0 |
||
| 999 |
_c3256 _d3256 |
||